Včelka časopis pre školskú mládež

Bibliographic Details
Other Authors: Timko, Anton Emanuel, 1843-1903 (Publishing director), Sokolík, Andrej, 1849-1912 (Publishing director)
Format: Journal
Language:Slovak
PhysicalDescription:5 zv. ilustr. 24 cm
Dostupné aj na mikrofilme
Published: Turčiansky Sv. Martin A. Sokolík A. E. Timko 1878-1883
Turčiansky Sv. Martin A. Sokolík
ISSN:1337-2343
Subjects:

MARC

LEADER 00000cas a2200000 a 4500
001 vtls010496242
003 SK-MaSNL
005 20260228162001.0
008 200401d18781883xo mr|p 0 b0slo c
022 |a 1337-2343 
040 |a SNMK  |b slo  |c SNMK  |d SNK  |e AACR2 
041 0 |a slo 
044 |a xo  |c SK 
072 7 |a 821-93  |x Literatúra pre deti a mládež  |2 konspekt 
072 7 |a 37  |x Výchova a vzdelávanie  |2 konspekt 
080 |a 050  |2 2001 
080 |a 379.8  |2 2001 
210 0 |a Včelka 
222 0 |a Včelka 
245 0 0 |a Včelka  |b časopis pre školskú mládež 
260 |a Turčiansky Sv. Martin  |b A. Sokolík  |b A. E. Timko  |c 1878-1883 
260 3 |3 1/1881-1883  |a Turčiansky Sv. Martin  |b A. Sokolík 
300 |a 5 zv.  |b ilustr.  |c 24 cm 
310 |a 1x mesačne 
362 0 |a Roč. 1, č. 1 (10. okt. 1878)-roč. 5, č. 12 (1883) 
500 |a Red. a vyd.: A. Sokolík a A. E. Timko, od čís. 1 roč. III (1881) red. len A. Sokolík 
500 |a Tlač. Kníhtlačiarsko-účastinársky spolok v Martine 
515 |a Roč. 1 (1978-1879) vyšlo 15 čísiel 
530 |a Dostupné aj na mikrofilme 
650 0 7 |a voľný čas  |2 SNKPH  |9 3355 
655 7 |a časopisy pre deti a mládež  |2 SNKPH  |9 265111 
700 1 |a Timko, Anton Emanuel,  |d 1843-1903  |4 pbd  |9 37661 
700 1 |a Sokolík, Andrej,  |d 1849-1912  |4 pbd  |9 203632 
910 |a snmk 
910 |a snk 
916 |a 1878-1883 
958 |a ONDV 
999 |c 6337  |d 8267 
952 |0 0  |1 0  |4 0  |7 0  |8 5  |a SNK  |b SNK  |d 2006-03-17  |i snkF 1460/68  |l 0  |o snkČSC 88/1/1878-1879 D2  |p 17A0500489  |r 2026-02-21 19:47:27  |t č. 1-15  |w 2026-02-21  |y PREZ  |z Mikrofilm 
952 |0 0  |1 0  |4 0  |7 0  |8 3  |a SNK  |b SNK  |d 2011-04-29  |i snkK 2265/74  |l 0  |o snkČSC 88/4/1882 D2  |p 17A0692073  |r 2026-02-21 20:05:59  |t č. 1-12  |w 2026-02-21  |y PREZ 
952 |0 0  |1 0  |4 0  |7 0  |8 5  |a SNK  |b SNK  |d 2011-04-26  |i snkF 2168/68  |l 0  |o snkČSC 88/2/1880 D2  |p 17A0692232  |r 2026-02-21 20:06:02  |t č. 1-12  |w 2026-02-21  |y PREZ 
952 |0 0  |1 0  |4 0  |7 0  |8 3  |a SNK  |b SNK  |d 2005-04-11  |i snkK 2264/74  |l 0  |o snkČSC 88/3/1881 D1  |p 17A0466184  |r 2026-02-21 20:15:04  |t č. 1-12  |w 2026-02-21  |y PREZ 
952 |0 0  |1 0  |4 0  |7 0  |8 1  |a SNK  |b SNK  |d 2011-09-07  |i snkD 4074/76  |l 0  |o snkČSC 88/3/1881 D2  |p 17A0709227  |r 2026-02-21 20:16:57  |t č. 1-12  |w 2026-02-21  |y PREZ 
952 |0 0  |1 0  |3 rekatalogizácia  |4 0  |7 0  |8 5  |a SNK  |b SNK  |d 2005-04-11  |i snkF 2179/68  |l 0  |o snkČSC 88/2/1880 D1  |p 17A0466316  |r 2026-02-21 21:20:50  |t č. 1-12  |w 2026-02-21  |y PREZ 
952 |0 0  |1 0  |4 0  |7 0  |8 1  |a SNK  |b SNK  |d 2005-04-11  |i snkD 342/67  |l 0  |o snkČSC 88/4/1882 D1  |p 17A0466356  |r 2026-02-21 21:20:50  |t č. 1-12  |w 2026-02-21  |y PREZ 
952 |0 0  |1 0  |4 0  |7 0  |a SNK  |b SNK  |d 1999-04-16  |l 0  |o snkČSC 88/5/1883 D1  |p 17A0190674  |r 2005-01-02 00:00:00  |w 2026-02-21  |y PREZ 
952 |0 0  |1 0  |4 0  |7 0  |a SNK  |b SNK  |d 1999-07-19  |f 1  |i snk2128/27  |l 0  |o snkČSC 88/1/1878-1879  |p 17A0196739  |r 2005-01-02 00:00:00  |t č. 1-15  |w 2026-02-21  |y PREZ  |z Mikrofilm 
952 |0 0  |1 0  |4 0  |7 0  |a SNK  |b SNK  |d 1999-07-19  |f 1  |i snk2129/27  |l 0  |o snkČSC 88/2/1880  |p 17A0202976  |r 2005-01-02 00:00:00  |t č. 1-12  |w 2026-02-21  |y PREZ 
952 |0 0  |1 0  |4 0  |7 0  |a SNK  |b SNK  |d 2003-12-11  |f 1  |i snk2138/27  |l 0  |o snkČSC 88/3/1881  |p 17A0407426  |r 2005-01-02 00:00:00  |t č. 1-12  |w 2026-02-21  |y PREZ 
952 |0 0  |1 0  |4 0  |7 0  |a SNK  |b SNK  |d 2003-12-11  |f 1  |i snk2130/27  |l 0  |o snkČSC 88/4/1882  |p 17A0407536  |r 2005-01-02 00:00:00  |t č. 1-12  |w 2026-02-21  |y PREZ 
952 |0 0  |1 0  |4 0  |7 0  |a SNK  |b SNK  |d 2003-12-11  |f 1  |i snk2132/27  |l 0  |o snkČSC 88/5/1883  |p 17A0407534  |r 2005-01-02 00:00:00  |t č. 1-12  |w 2026-02-21  |y PREZ 
952 |0 0  |1 0  |3 rekatalogizácia  |4 0  |7 0  |8 5  |a SNKUST  |b SNKUST  |d 2007-03-01  |i snkF 2178/68  |l 0  |o snkČSC 88/1/1878-1879 D1  |p 17A0540772  |r 2025-03-20 00:00:00  |t Trezor  |w 2026-02-21  |y PREZ  |z Mikrofilm